Państwa posiadające najwięcej sąsiadów - Statystyki

Ogólne statystyki
  • Ten quiz został rozwiązany 35 razy
  • Średni wynik to 11 z 15
Statystyki odpowiedzi
Liczba sąsiadów Państwa % Poprawnych
14 Chiny
97%
9 Niemcy
97%
14 Rosja
97%
7 Polska
94%
10 Brazylia
91%
8 Francja
85%
7 Indie
73%
7 Ukraina
70%
7 Sudan
61%
7 Iran
58%
7 Niger
58%
7 Węgry
58%
7 Arabia Saudyjska
55%
7 Tanzania
36%
9 Demokratyczna Republika Konga
24%
Nie znaleziono quizów pasujących do podanych kryteriów
Rozkład punktacji
Procent ludzi z każdym wynikiem
Percentyl według liczby udzielonych odpowiedzi
Twoja historia wyników
Nie rozwiązałeś tego quizu